Conceptual models and the Cuban missile crisis

Bewaard in:
Bibliografische gegevens
Hoofdauteur: Allison, Graham T
Formaat: Texto
Gepubliceerd in: s.l.: s.e.
Tags: Voeg label toe
Geen labels, Wees de eerste die dit record labelt!

MARC

LEADER 00000 a a2200000 04500
001 22439
003
040
090 |a 151900  
100 |a Allison, Graham T  
245 |a Conceptual models and the Cuban missile crisis  
260 |a s.l.:   |b s.e.  
300 |a 689-715 pp.  
500 |a Separata de: The American Political Science Review, vol. 63, n° 3  
999 |c 2531  |d 2531